| 000 | 00512ntaaa2200181 4500 | ||
|---|---|---|---|
| 003 | 01 | ||
| 005 | 20251027201206.0 | ||
| 008 | 0714s1973 ag 01 | ||
| 040 |
_aAR-BaBN _bspa _cAR-BaBN _eaacr _dRIC |
||
| 082 | _a220.5400 D724 | ||
| 082 | _a220.541 Os7l | ||
| 100 |
_aBiblia. Francés. Ostervald. 1899 _99815 |
||
| 245 |
_aLa Sainte Bible / _cBiblia. Francés. Ostervald. 1899 |
||
| 250 | _a1 ed. | ||
| 260 |
_aParis : _bLibrairies-Imprimeries Réunies, _c1899 |
||
| 300 |
_a902, 282 p ; _c24,5 cm |
||
| 942 | _cBK | ||
| 999 |
_c6200 _d6200 |
||